Szczegóły MARC21

Rynek opcji walutowych w Polsce /

003 -Nazwa inst., której nr kontr. jest w polu 001 [,]
    • @
    • Nazwa instytucji, której n kontrolny jest w polu 001
    • NUKAT
005 -DATA I CZAS OSTATNIEJ MODYFIKACJI [,]
    • @
    • pole kontrolne
    • 20241231102958.0
020 -Międzynarod. znormalizowany nr książki - ISBN [ , ]
    • a
    • Numer ISBN
    • 8388170406 Find
040 -Instytucja sporządzająca opis [ , ]
    • a
    • Instytucja, która sporządziła opis (NP)
    • KR U/MM
    • c
    • Instytucja, która sporządziła rekord (NP)
    • KR U/MM
    • d
    • Instytucja, która zmodyfikowała rekord (P)
    • KR U/ynk
    • d
    • Instytucja, która zmodyfikowała rekord (P)
    • KIEL 010/HLs
    • d
    • Instytucja, która zmodyfikowała rekord (P)
    • GL 001/JK
942 -Rodzaj dokumentu [ , ]
    • c
    • Rodzaj dokumentu
    • Książka
100 -Hasło główne - nazwa osobowa [1, ]
    • a
    • Nazwa osobowa (NP)
    • Mielus, Piotr
    • d
    • Daty biograficzne (NP)
    • (1973- ).
    • 9
    • KHW
    • 450891
245 -Strefa tytułu i oznaczenia odpowiedzialności [1,0]
    • a
    • Tytuł
    • Rynek opcji walutowych w Polsce / Find
    • c
    • Pozostałe elementy strefy tytułu i oznaczenia odpowiedzialności (NP)
    • Piotr Mielus.
260 -Strefa adresu wydawniczego [ , ]
    • a
    • Miejsce wydania (P)
    • Warszawa :
    • b
    • Nazwa wydawcy (P)
    • K. E. Liber,
    • c
    • Data wydania (P)
    • 2002.
300 -Strefa opisu fizycznego [ , ]
    • a
    • Określenie formy książki i/lub objętość (NP)
    • VIII, 169 s. :
    • b
    • Oznaczenie ilustracji (NP)
    • wykr. ;
    • c
    • Format (NP)
    • 21 cm.
336 -Typ zawartości [ , ]
    • a
    • Termin opisujący typ zawartości
    • Tekst
    • b
    • Kod określający zawartość
    • txt
    • 2
    • Źródło (terminu i kodu)
    • rdacontent
337 -Typ mediów [ , ]
    • a
    • Tryb odtwarzania
    • Bez urządzenia pośredniczącego
    • b
    • Kod typu mediów
    • n
    • 2
    • Źródło (terminu i kodu)
    • rdamedia
338 -Typ/rodzaj nośnika [ , ]
    • a
    • Hasło opisujące typ nośnika
    • Wolumin
    • b
    • Kod typu nośnika
    • nc
    • 2
    • Źródło (terminu i kodu)
    • rdacarrier
500 -Uwaga ogólna [ , ]
    • a
    • Uwaga ogólna (NP)
    • Na okł. podtyt.: spekulacja walutowa, zarządzanie portfelem opcji walutowych, specyfika Polski jako rynku wschodzącego.
504 -Uwaga dot. bibliogr. załącznikowej [ , ]
    • a
    • Uwaga dot. bibliografii załącznikowej
    • Bibliogr. s. 169.
080 -Uniwersalna Klasyfikacja Dziesiętna [ , ]
    • 2
    • Identyfikator wydania tablic
    • UDC-P022
    • a
    • Symbol klasyfikacji
    • 336.74
    • b
    • Dopowiedzenie
    • Pieniądz. Waluta. Dewizy.
    • x
    • Poddział wspólny
    • (438)
    • b
    • Dopowiedzenie
    • (Polska).
    • x
    • Poddział wspólny
    • "1989/..."
080 -Uniwersalna Klasyfikacja Dziesiętna [ , ]
    • 2
    • Identyfikator wydania tablic
    • UDC-P022
    • a
    • Symbol klasyfikacji
    • 336.764/.768
    • b
    • Dopowiedzenie
    • Transakcje giełdowe. Obrót papierów wartościowych. Lokowanie kapitału w papierach wartościowych. Zarządzanie majątkiem prywatnym (w formie papierów wartościowych).
    • x
    • Poddział wspólny
    • (438)
    • b
    • Dopowiedzenie
    • (Polska).
    • x
    • Poddział wspólny
    • "1989/..."
650 -Hasło przedmiotowe [ ,7]
    • a
    • Hasło przedmiotowe
    • Opcje (finanse).
    • 2
    • Źródło terminu
    • kaba
    • 9
    • KHW
    • 122372
650 -Hasło przedmiotowe [ ,7]
    • a
    • Hasło przedmiotowe
    • Rynek walutowy
    • z
    • Określnik geograficzny
    • Polska.
    • 2
    • Źródło terminu
    • kaba
    • 9
    • KHW
    • 629234
650 -Hasło przedmiotowe [ ,7]
    • a
    • Hasło przedmiotowe
    • Spekulacja.
    • 2
    • Źródło terminu
    • kaba
    • 9
    • KHW
    • 130613
650 -Hasło przedmiotowe [ ,7]
    • a
    • Hasło przedmiotowe
    • Zarządzanie portfelem.
    • 2
    • Źródło terminu
    • kaba
    • 9
    • KHW
    • 137514
980 -Symbol UKD [ , ]
    • a
    • UKD
    • 336.74:336.764/.768](438)"1989/..."
710 -Hasło dodatkowe - nazwa ciała zbiorowego [2, ]
    • a
    • Nazwa ciała zbiorowego lub nazwa geograficzna jako pierwszy element (NP)
    • Wydawnictwo K. E. Liber.
    • 4
    • Kod relacji
    • pbl
    • 9
    • KHW
    • 68718
920 -ISBN [ , ]
    • a
    • ISBN
    • 83-88170-40-6 Find
Status udost. Numer inwentarzowy Sygnatura Data inwentaryzacji Lokalizacja
-2E.68903 2003-07-30BE
-2S.90842 2003-07-30BE
1N.18571Matematyka finansowa2004-11-17BG
-2T.9637T.96372007-09-12T